Loading...
Key concepts in gender studies /
| Main Author: | |
|---|---|
| Other Authors: | |
| Format: | Printed Book |
| Published: |
Los Angeles
Sage
2017
|
| Edition: | 2nd edition. |
| Subjects: |
| LEADER | 00533nam a2200169 4500 | ||
|---|---|---|---|
| 020 | |a 9781446260296 | ||
| 082 | |a 305.42 |b PIL/K | ||
| 100 | 1 | |a Pilcher, Jane. | |
| 245 | 1 | 0 | |a Key concepts in gender studies / |
| 250 | |a 2nd edition. | ||
| 260 | |a Los Angeles |b Sage |c 2017 | ||
| 300 | |a 194p | ||
| 650 | |a Gender studies | ||
| 700 | |a Whelehan, Imelda | ||
| 942 | |c BK | ||
| 999 | |c 44926 |d 44926 | ||
| 952 | |0 0 |1 0 |4 0 |6 305_420000000000000_PILK |7 0 |8 Stack |9 48901 |a KUCL |b KUCL |c Stack |d 2018-03-06 |l 1 |m 1 |o 305.42 PIL/K |p 45526 |r 2018-11-12 |s 2018-09-13 |w 2018-03-06 |y BK | ||